| 000 | 00576nam a22001577a 4500 | ||
|---|---|---|---|
| 003 | OSt | ||
| 005 | 20151211161708.0 | ||
| 008 | 151211b xxu||||| |||| 00| 0 eng d | ||
| 040 | _cRUA | ||
| 082 | _aATM KIN 2004 B208 Or.1 | ||
| 100 |
_94735 _aKING, SOKLIM. |
||
| 245 | _aCattle raising of small scale in saang district, kandal province, ការចិញ្ចឹមគោជាលក្ខណៈគ្រួសារ ស្រុកស្អាង ខេត្តកណ្តាល | ||
| 260 |
_aPhnom Penh _bRUA _c2004 |
||
| 300 |
_avi, 47p. _bill. _c29cm. |
||
| 942 |
_2ddc _cATM |
||
| 999 |
_c4413 _d4413 |
||